Môtip kỳ ngộ trong truyện truyền kỳ Việt Nam
Truyện truyền kỳ trong đời sống văn hoá, văn học Việt Nam. Các dạng thức chủ yếu của môtip kỳ ngộ trong truyện truyền kỳ Việt Nam. Giá trị nghệ thuật của môtip kỳ ngộ trong truyện truyền kỳ Việt Nam.
Enregistré dans:
| Auteur principal: | |
|---|---|
| Autres auteurs: | |
| Format: | Livre |
| Publié: |
Đà Nẵng
Đại học Đà Nẵng
2016
|
| Sujets: | |
| Tags: |
Ajouter un tag
Pas de tags, Soyez le premier à ajouter un tag!
|
| Thư viện lưu trữ: | Mạng thư viện Đại học Đà Nẵng |
|---|
| LEADER | 01711nam a2200337 4500 | ||
|---|---|---|---|
| 001 | 000024342 | ||
| 003 | 20830 | ||
| 005 | 20161222151228.0 | ||
| 008 | 161124s2016 sd | ||
| 082 | 1 | 4 | |a 895.922308 |b NG-T |
| 100 | 1 | |a Nguyễn Thị Thu Thủy | |
| 245 | 1 | 0 | |a Môtip kỳ ngộ trong truyện truyền kỳ Việt Nam |c Nguyễn Thị Thu Thủy ; Nguyễn Phong Nam hướng dẫn |k Luận văn tốt nghiệp |
| 260 | |a Đà Nẵng |b Đại học Đà Nẵng |c 2016 | ||
| 300 | |a 92 tr. ; phụ lục 5 tr. |c 29 cm. |e Tóm tắt | ||
| 500 | |a Luận văn Khoa học xã hội và nhân văn. Chuyên ngành : Văn học Việt Nam. Mã số: 60 22 01 21 | ||
| 520 | 3 | |a Truyện truyền kỳ trong đời sống văn hoá, văn học Việt Nam. Các dạng thức chủ yếu của môtip kỳ ngộ trong truyện truyền kỳ Việt Nam. Giá trị nghệ thuật của môtip kỳ ngộ trong truyện truyền kỳ Việt Nam. | |
| 650 | 0 | 4 | |a Truyện truyền kỳ Việt Nam |v Luận văn thạc sĩ |x Môtip kỳ ngộ |z Việt Nam |
| 653 | |a Môtip kỳ ngộ | ||
| 653 | |a Văn học Việt Nam | ||
| 653 | |a Truyện truyền kỳ Việt Nam | ||
| 700 | 1 | |a Nguyễn Phong Nam |c PGS.TS. |e Hướng dẫn | |
| OWN | |a LSP | ||
| AVA | |a UDN50 |b LSP |d 895.922308 NG-T |e available |t Error 5001 Not defined in file expand_doc_bib_avail. |f 1 |g 0 |h N |i 0 |k 1 | ||
| 999 | |a From the UDN01 | ||
| AVA | |a UDN50 |b LSP |d 895.922308 NG-T |e available |t Error 5001 Not defined in file expand_doc_bib_avail. |f 1 |g 0 |h N |i 0 |k 1 | ||
| TYP | |a Monograph | ||
| TYP | |a Printed language | ||
| 980 | |a Mạng thư viện Đại học Đà Nẵng | ||